000 01289nam a2200337 a 4500
001 000115709
003 CHAP
005 20220329144545.0
008 190626s2018 mx a sm |||||||spa d
010 _a112170
011 _a113142
040 _cCHAP
090 _aTesis
100 1 _aRamirez Jimenez, Erick Alexis.
_9136316
245 1 0 _aDeterminación de la curva de crecimiento y de la ganancia de peso en corderos criollos obispo /
_h[En línea]
_cpor Erick Alexis Ramirez Jimenez.
260 _aChapingo, Méx. :
_bEl autor,
_c2018.
500 _aPara ver el contenido del material haga clic en la liga
502 _aTesis (Ing. Agr. Zootecnista) -- Colegio Superior Agropecuario del Estado de Guerrero. Centro de Estudios Profesionales
590 _aBATCH-UPD
_b05
_c20190627
_lUCH01
_h1024
590 _aE8697GMM
_b05
_c20190626
_lUCH01
_h1108
590 _aE8697GMM
_b05
_c20190626
_lUCH01
_h1109
590 _aE8697GMM
_b05
_c20190627
_lUCH01
_h1023
590 _aE8697GMM
_b05
_c20190703
_lUCH01
_h1523
650 1 4 _aGanado lanar
_xAlimentación.
_945153
650 1 4 _aGanado lanar
_xCrecimiento.
_945166
650 1 4 _aGanado lanar
_xPeso.
_945211
856 _aFinding aid
_uhttp://10.13.5.2/tesis/sist115709.pdf
_zTeclea aquí
901 _aBK
942 _cTESIS
942 _n0
999 _c112170
_d112170